Géographie des Pays de la Loire - Statistiques

Statistiques générales
  • Ce quiz a été pris 108 fois
    78 depuis la dernière actualisation
  • Le résultat moyen est 29 sur 54
Réponses sur la Carte
Les réponses sont colorées sur une échelle allant du rouge au vert en fonction du pourcentage des utilisateurs qui les ont devinées à leur premier essai. Vous pouvez retrouver ces pourcentages ci-dessous.
 
Statistiques - réponses
Lieu % Correct
Nantes
100%
Angers
97%
Loir
97%
Loire
97%
Loire-Atlantique
97%
La Roche-sur-Yon
95%
Le Mans
95%
Vendée
95%
Vendée
95%
Sarthe
92%
Sarthe
92%
Maine
90%
Mayenne
90%
Mayenne
90%
Mayenne
90%
Saint-Nazaire
90%
Maine-et-Loire
88%
Laval
85%
Cholet
82%
Les Sables-d'Olonne
78%
Noirmoutier
73%
La Baule-Escoublac
67%
Pornic
65%
Ancenis-Saint-Géréon
57%
Saumur
57%
La Flèche
53%
Châteaubriant
52%
Yeu
52%
Challans
50%
Guérande
48%
Château-Gontier
47%
Fontenay-le-Comte
42%
Segré
42%
Les Herbiers
40%
Sèvre nantaise
38%
Erdre
35%
Sablé-sur-Sarthe
35%
Sèvre Niortaise
30%
Luçon
25%
Pays de {Retz}
25%
Alpes mancelles
18%
La Ferté-Bernard
18%
Marais Poitevin
18%
Yon
18%
Lay
17%
Blain
12%
Don
12%
Pointe de l'{Aiguillon}
12%
Oudon
10%
Èvre
7%
Huisne
5%
Thouet
5%
Gâtine vendéenne
2%
Braye
0%
Aucun quiz correspondant
Distribution des résultats
% des personnes avec chaque résultat
Percentile par nombre de réponses
Votre historique - résultats
Vous n’avez pas pris ce quiz depuis la dernière actualisation